Gloucestershire Train Stations - Statistics

General Stats
  • This quiz has been taken 64 times
  • The average score is 9 of 15
Answer Stats
Stations % Correct
Cheltenham Spa
100%
Gloucester
98%
Stroud
89%
Ashchurch for Tewkesbury
83%
Yate
70%
Cam & Dursley
69%
Kemble
69%
Stonehouse
65%
Lydney
61%
Bristol Parkway
46%
Filton Abbey Wood
44%
Patchway
43%
Pilning
37%
Severn Beach
33%
Moreton-in-Marsh
31%
No matching quizzes found
Score Distribution
Percent of People with Each Score
Percentile by Number Answered
Your Score History
You have not taken this quiz